Die Praxis der Restitution
| Titel: | Die Praxis der Restitution |
|---|---|
| Verfasser: | |
| In: |
Stiftung Preußischer Kulturbesitz: Jahrbuch Preußischer Kulturbesitz ..., Band 38 (2001), Seite 233-248, Abb. alle Artikel anzeigen |
| Veröffentlicht: | 2001 [2002] |
| Format: | Aufsatz |
| Sprache: | Deutsch |
X
alg: 39257688 001A $01999:11-11-16 001B $01999:21-05-21 $t16:51:31.000 001C $06050:19-11-16 $t08:33:05.000 001D $01999:11-11-16 001U $0utf8 001X $00 002@ $0Aox 003@ $0392576880 007A $0392576880 $aHEB 007T $0Herd59550 010@ $ager 011@ $a2001 $n2001 [2002] 021A $aDie @Praxis der Restitution 028A $aZimmermann $dNorbert 031A $d38 $h233-248, Abb. $j2001 037A $aBetr. Kunstraub 1939-1945 u.a. aus Breslauer Privatsammlungen 039B $aIn $8--Abvc--Stiftung Preußischer Kulturbesitz [Tb1]. Jahrbuch Preußischer Kulturbesitz .... - Berlin : Mann, 1963-[2016]. - ISSN 0342-0124 $x200100000380000767 $9046848940 045F $a709.438 $eDDC23BSB 045F/01 $a709 045F/03 $g438 045F/03 $g4385 045T $a24 lok: 39257688 78 exp: 39257688 78 1 #EPN 201B/01 $020-11-17 $t23:21:47.000 201U/01 $0utf8 203@/01 $0788674978 208@/01 $a11-11-16 $be 209A/01 $a/ $f000 $x00 220C/01 $aTitelaufnehmer: wr 244Z/01 $2Trx $#Silesia $#Śląsk $#Sliezsko $#Slezsko $8--Trx--Schlesien $x01 $9391173987 244Z/01 $2Trx $#Poola $#Lenkija $#Polija $#Polen Land $#Poland $#Lengyelország $#Poľsko $#Polsko $8--Trx--Polska$gkraj $x02 $9391345966 244Z/01 $#Breslau $#Wrocław $#Wrotizla $#Breßlau $#Breßlaw $#Vroclav $#Vratislav $#Vratislavia $#Vratislauiae $#Bresslau $#Wratislavia $#Brassel $#Bresla $#Wratislava $#Smirna $#Breslavia $#Wroclaw $74008216-7 $8--Tg1--Breslau $x03 $9085014184 244Z/01 $aGeschichte 1939-2000 $x04 244Z/01 $2Trx $#kultuuriväärtuste vargus $#kultūros vertybių grobimas $#Art theft $#kultúrkincs rablás $#grabież dóbr kultury $#krádeže umeleckých predmetov $#krádeže uměleckých předmětů $#Beutekunst $#Kunstraub $#Kriegsbeute $#Art theft $#grabież dzieł sztuki $#krádeže umeleckých predmetov $#krádeže uměleckých předmětů $8--Trx--Kulturgüterraub $x05 $9391359827 244Z/01 $2Trx $#maalikunst $#tapyba $#Painting $#festészet $#malarstwo $#maliarstvo $#malířství $8--Trx--Malerei $x06 $9391366467 244Z/01 $2Trx $8--Trx--Zeitschriftenaufsatz $x07 $9391384341 245Z/01 $a11.10 $x01 247C/01 $82080>Marburg/Lahn, Herder-Institut, Forschungsbibliothek, Bibliographieportal $9336309341
| LEADER | 00000caa a22000002c 4500 | ||
|---|---|---|---|
| 001 | 392576880 | ||
| 003 | DE-603 | ||
| 005 | 20210521165131.0 | ||
| 007 | tu | ||
| 008 | 161111s2001 xx |||| | u00||u|ger c | ||
| 035 | |a (DE-599)HEB392576880 | ||
| 040 | |a DE-603 |b ger |c DE-603 |d DE-603 | ||
| 041 | |a ger | ||
| 082 | 0 | 4 | |8 1\u |a 709.438 |q DE-101 |2 23/BSB |
| 084 | |a 24 |2 ssgn | ||
| 085 | |8 1\u |b 709 | ||
| 085 | |8 1\u |z 2 |s 438 | ||
| 085 | |8 1\u |z 2 |s 4385 | ||
| 100 | 1 | |a Zimmermann, Norbert | |
| 245 | 0 | 0 | |a Die Praxis der Restitution |
| 264 | 0 | |c 2001 [2002] | |
| 500 | |a Betr. Kunstraub 1939-1945 u.a. aus Breslauer Privatsammlungen | ||
| 773 | 0 | 8 | |i In |a Stiftung Preußischer Kulturbesitz |t Jahrbuch Preußischer Kulturbesitz ... |d Berlin : Mann, 1963-[2016] |h 24 cm |x 0342-0124 |g Band 38 (2001), Seite 233-248, Abb. |w (DE-603)046848940 |w (DE-600)3758-8 |
| 924 | 0 | |9 2080 |a (DE-603)788674978 |b DE-2080 |c HES |d d |g / | |


